000 00986nam a2200301 i 4500
001 88779
003 ES-MaACL
005 20250718062538.0
007 t|
008 041215s1995 sp ||||1| spa d
020 _a84-395-4073-6
080 _a159.923(02)"-03"
080 _a17
080 _a821.14-6"02"
100 0 _aTeofrasto.
_9109716
245 1 0 _aCaracteres /
_cTeofastro. Cartas de parásitos ; Cartas de cortesanas / Alcifrón ; introducción, traducciones y notas: Elisa Ruiz García.
260 _a[Barcelona] :
_bPlaneta-De Agostini,
_c[1995]
300 _a254 p. ;
_c20 cm.
490 1 _aLos clásicos de Grecia y Roma ;
_v21
650 7 _aÉtica
_2embne
_912577
700 0 _aAlcifrón.
_tEpístolas.
_9142572
700 1 _aRuiz García, Elisa.
_9100813
740 0 _aCartas de parásitos.
740 0 _aCartas de cortesanas.
830 0 _aLos clásicos de Grecia y Roma ;
_v21
_9184075
852 _aES-MaACL
_jE-10613
_bR.134819
999 _c88779
_d88779